| 000 -LEADER |
| fixed length control field |
00504nam a2200157Ia 4500 |
| 020 ## - INTERNATIONAL STANDARD BOOK NUMBER |
| ISBN |
9251032785 |
| 040 ## - CATALOGING SOURCE |
| Transcribing agency |
UMC |
| 082 ## - DEWEY DECIMAL CLASSIFICATION NUMBER |
| Classification number |
333 FAO 2010 C131 Or. |
| 245 00 - TITLE STATEMENT |
| Title |
Quality declared planting material: |
| Remainder of title |
protocols and standards for vegetatively propagated crops |
| 300 ## - PHYSICAL DESCRIPTION |
| Number of Pages |
viii, 186 pages ; |
| Dimensions |
30 cm |
| 490 1# - SERIES STATEMENT |
| Series statement |
FAO plant production and protection paper, |
| 500 ## - GENERAL NOTE |
| General note |
"M-13" -- versi t.p |
| 650 #0 - SUBJECT ADDED ENTRY--TOPICAL TERM |
| Topical Term |
Seeds |
| 710 2# - ADDED ENTRY--CORPORATE NAME |
| Corporate name or jurisdiction name as entry element |
Food and Agriculture Organization of the United Nations. |
| 942 ## - ADDED ENTRY ELEMENTS (KOHA) |
| Koha item type |
ADB |
| 952 ## - LOCATION AND ITEM INFORMATION (KOHA) |
| Withdrawn status [LOCAL, KOHA] |
0 |
| 952 ## - LOCATION AND ITEM INFORMATION (KOHA) |
| Withdrawn status [LOCAL, KOHA] |
0 |